000 00275nam a2200109Ia 4500
008 190216s9999||||xx |||||||||||||| ||und||
100 _aBatli Boi
245 0 _aQuestions And Answers In Book-Keeping And Accounting
260 _bKalyani Pub
_c1982
300 _a606p
942 _cBK
999 _c3840
_d3840